Veracruz, perfiles regionales, económicos y poblacionales/
Guardado en:
| Autor principal: | |
|---|---|
| Formato: | Libro |
| Lenguaje: | Spanish |
| Etiquetas: |
Agregar Etiqueta
Sin Etiquetas, Sea el primero en etiquetar este registro!
|
MARC
| LEADER | 00000nam a22000007a 4500 | ||
|---|---|---|---|
| 003 | cru CIDCACS/IIS | ||
| 005 | 20181129133823.0 | ||
| 007 | ta | ||
| 008 | 181129t2011 mx |||||r|||||||| 0|spa|d | ||
| 999 | |c 41940 |d 41940 | ||
| 040 | |c cru CIDCACS/IIS | ||
| 100 | 1 | |9 8067 |a González Martínez, Joaquín Roberto | |
| 245 | 1 | |a Veracruz, perfiles regionales, económicos y poblacionales/ |c Joaquín Roberto González Martínez | |
| 300 | |a páginas 17-61: |b mapas | ||
| 773 | 0 | |0 41933 |9 2462 |d Mexico: Gobierno del Estado de Veracruz, 2011 |o 17741 |t Historia general de Veracruz / |z 9786075020938 | |
| 942 | |2 ddc |c LI | ||



